[Event "Medellin Castro Memorial op-B 31st"]
[Site "Medellin"]
[Date "2024.08.07"]
[Round "1"]
[White "Acevedo Del Rio, Andres F"]
[Black "Molina Navarro, Jeronimo"]
[Result "1-0"]
[WhiteElo "1849"]
[BlackElo "1428"]
[PlyCount "51"]
[EventDate "2024.08.07"]
[EventType "swiss"]
[EventRounds "9"]
[EventCountry "COL"]
[SourceTitle "CBM 221 Extra"]
[Source "ChessBase"]
[SourceDate "2024.09.30"]
[SourceVersion "1"]
[SourceVersionDate "2024.09.30"]
[SourceQuality "1"]

1. e4 e5 2. Nf3 Nc6 3. Bb5 Bc5 4. 0-0 Nf6 5. d3 0-0 6. c3 a6 7. Ba4 b5 8. Bc2 d6 9. h3 Be6 10. d4 exd4 11. cxd4 Bc4 12. dxc5 Bxf1 13. Kxf1 dxc5 14. Qxd8 Raxd8 15. Bg5 Nb4 16. Na3 Nxc2 17. Nxc2 h6 18. Bxf6 gxf6 19. Ne3 Rfe8 20. Nd5 Rd6 21. Re1 f5 22. Nc3 fxe4 23. Nxe4 Rc6 24. Nf6+ Rxf6 25. Rxe8+ Kg7 26. Rc8 1-0

[Event "Medellin op"]
[Site "Medellin"]
[Date "2024.04.13"]
[Round "5"]
[White "Acevedo Del Rio, Andres F"]
[Black "Lopez Cardona, Diego"]
[Result "1/2-1/2"]
[WhiteElo "1848"]
[BlackElo "1908"]
[PlyCount "34"]
[EventDate "2024.04.10"]
[EventType "swiss"]
[EventRounds "7"]
[EventCountry "COL"]
[SourceTitle "EXT 2025"]
[Source "ChessBase"]
[SourceDate "2024.10.14"]
[SourceVersion "1"]
[SourceVersionDate "2024.10.14"]
[SourceQuality "1"]

1. Nf3 d5 2. c4 e6 3. cxd5 exd5 4. d4 Nf6 5. Nc3 c6 6. Qc2 Be7 7. Bg5 0-0 8. e3 Nbd7 9. Bd3 Re8 10. 0-0 Ne4 11. Bxe4 dxe4 12. Nxe4 h6 13. Bxe7 Qxe7 14. Nc3 Nb6 15. Rfe1 Be6 16. h3 Rad8 17. Rad1 Qf6 1/2-1/2

[Event "Medellin IRT de Segunda Antioquia"]
[Site "Medellin"]
[Date "2019.05.25"]
[Round "5.9"]
[White "Hurtado Henao, Pablo"]
[Black "Acevedo Del Rio, Andres F"]
[Result "1-0"]
[WhiteElo "1752"]
[BlackElo "1813"]
[PlyCount "99"]
[EventDate "2019.05.22"]
[EventType "swiss"]
[EventRounds "7"]
[EventCountry "COL"]
[SourceTitle "EXT 2024"]
[Source "ChessBase"]
[SourceDate "2023.10.10"]
[SourceVersion "1"]
[SourceVersionDate "2023.10.10"]
[SourceQuality "1"]

1. c4 g6 2. Nc3 Bg7 3. g3 Nf6 4. e4 d6 5. Bg2 0-0 6. Nge2 c5 7. 0-0 Nc6 8. d3 a6 9. h3 Rb8 10. Be3 b5 11. b3 Bd7 12. f4 b4 13. Nd5 e6 14. Nxf6+ Qxf6 15. Rc1 a5 16. g4 a4 17. g5 Qe7 18. Rf3 axb3 19. axb3 Ra8 20. d4 Ra3 21. e5 dxe5 22. dxe5 Na5 23. Bf2 Bc6 24. Rd3 Bxg2 25. Kxg2 Qb7+ 26. Kh2 Qc6 27. Ng3 Ra2 28. Rc2 Rxc2 29. Qxc2 Rc8 30. Qe2 Bf8 31. Ne4 Ra8 32. Nf6+ Kg7 33. Qg4 Be7 34. Qh4 h5 35. gxh6+ Kh8 36. h7 Nxb3 37. Rxb3 Ra3 38. Qg3 Ra1 39. Qf3 Qa6 40. Qd3 Qa8 41. Qe4 Qa4 42. Qd3 Ra3 43. Rxa3 bxa3 44. Bxc5 a2 45. Bxe7 Qa8 46. Qg3 a1Q 47. Ne4 Qb2+ 48. Nf2 Qe2 49. Qh4 Qxf2+ 50. Qxf2 1-0

[Event "Medellin Easter op 7th"]
[Site "Medellin"]
[Date "2017.04.12"]
[Round "1"]
[White "Acevedo Del Rio, Andres F"]
[Black "Salcedo Perez, Pablo Esteban"]
[Result "0-1"]
[WhiteElo "1763"]
[BlackElo "2177"]
[PlyCount "76"]
[EventDate "2017.04.12"]
[EventType "swiss"]
[EventRounds "8"]
[EventCountry "COL"]
[SourceTitle "CBM 177 Extra"]
[Source "ChessBase"]
[SourceDate "2017.04.27"]
[SourceVersion "1"]
[SourceVersionDate "2017.04.27"]
[SourceQuality "1"]

1. e4 c5 2. Nf3 d6 3. d4 Nf6 4. Nc3 cxd4 5. Nxd4 a6 6. Be3 e6 7. f3 Nbd7 8. Bc4 b5 9. Bxe6 fxe6 10. Nxe6 Qa5 11. Nxf8 Rxf8 12. Qxd6 b4 13. Qe6+ Kd8 14. 0-0-0 Rb8 15. Qd6 bxc3 16. Qxb8 Qxa2 17. Bb6+ Ke7 18. Qd6+ Ke8 19. bxc3 Nxe4 20. fxe4 Rf6 21. Qc7 Qa3+ 22. Kd2 Nxb6 23. Ke3 Bd7 24. Rhf1 Qa5 25. Qb8+ Ke7 26. Rxf6 Qxc3+ 27. Ke2 gxf6 28. Qd6+ Kf7 29. Kf2 Bg4 30. Rd2 Nc4 31. Qd5+ Kg7 32. Rd3 Qxc2+ 33. Kg3 Be6 34. Qd4 Qb2 35. Qa7+ Kh6 36. Qxa6 Qe2 37. Rf3 Qe1+ 38. Kf4 Qh4+ 0-1

[Event "Pan American-ch U20"]
[Site "Guatape"]
[Date "2016.06.24"]
[Round "7"]
[White "Acevedo Del Rio, Andres F"]
[Black "Norena Marin, Jeronimo"]
[Result "1-0"]
[WhiteElo "1835"]
[BlackElo "1514"]
[PlyCount "49"]
[EventDate "2016.06.20"]
[EventType "swiss"]
[EventRounds "9"]
[EventCountry "COL"]
[SourceTitle "EXT 2017"]
[Source "ChessBase"]
[SourceDate "2016.10.25"]
[SourceVersion "1"]
[SourceVersionDate "2016.10.25"]
[SourceQuality "1"]

1. e4 e5 2. Nf3 Nf6 3. Nxe5 d6 4. Nf3 Nxe4 5. Nc3 Nxc3 6. dxc3 Qe7+ 7. Be3 g6 8. Qd2 Bg7 9. 0-0-0 0-0 10. Bh6 Qe6 11. Kb1 Nc6 12. Bxg7 Kxg7 13. Bd3 Qg4 14. h3 Qxg2 15. Qe3 Bxh3 16. Rdg1 Rae8 17. Rxg2 Rxe3 18. Rxh3 Re6 19. b3 Na5 20. Kb2 c5 21. Ng5 Re5 22. f4 Ree8 23. Rxh7+ Kf6 24. Nxf7 Re7 25. Rxg6# 1-0

[Event "Pan American-ch U20"]
[Site "Guatape"]
[Date "2016.06.22"]
[Round "5"]
[White "Acevedo Del Rio, Andres F"]
[Black "Lopez Gonzalez, Carlos Andres"]
[Result "0-1"]
[WhiteElo "1835"]
[BlackElo "1482"]
[PlyCount "62"]
[EventDate "2016.06.20"]
[EventType "swiss"]
[EventRounds "9"]
[EventCountry "COL"]
[SourceTitle "EXT 2017"]
[Source "ChessBase"]
[SourceDate "2016.10.25"]
[SourceVersion "1"]
[SourceVersionDate "2016.10.25"]
[SourceQuality "1"]

1. Nf3 c5 2. e4 d6 3. b3 Nf6 4. e5 dxe5 5. Nxe5 g6 6. Bb5+ Nbd7 7. Bb2 Bg7 8. 0-0 0-0 9. Nf3 a6 10. Be2 Qc7 11. d4 cxd4 12. Bxd4 Rd8 13. Nbd2 b6 14. c4 Bb7 15. Qc2 Rac8 16. Rac1 Re8 17. Rfd1 e5 18. Bb2 b5 19. Qb1 b4 20. Ng5 Nc5 21. Qa1 Qe7 22. Nf1 Bh6 23. h4 Nfe4 24. Nxe4 Nxe4 25. h5 Bxc1 26. Bxc1 Qc5 27. Be3 Qe7 28. Bf3 Bc6 29. Nd2 Nxd2 30. Bxc6 Rxc6 31. Rxd2 Rcc8 0-1

[Event "Medellin Aristizabal Cup"]
[Site "Medellin"]
[Date "2016.05.21"]
[Round "5"]
[White "Zabala, Fidel"]
[Black "Acevedo Del Rio, Andres F"]
[Result "1-0"]
[WhiteElo "1955"]
[BlackElo "1835"]
[PlyCount "73"]
[EventDate "2016.05.18"]
[EventType "swiss"]
[EventRounds "7"]
[EventCountry "COL"]
[SourceTitle "CBM 172 Extra"]
[Source "ChessBase"]
[SourceDate "2016.06.21"]
[SourceVersion "1"]
[SourceVersionDate "2016.06.21"]
[SourceQuality "1"]

1. e4 e5 2. Nf3 Nf6 3. Nxe5 d6 4. Nf3 Nxe4 5. d4 d5 6. Bd3 Nc6 7. 0-0 Be7 8. c4 Nf6 9. Nc3 Bg4 10. cxd5 Nxd5 11. Bb5 0-0 12. Bxc6 bxc6 13. h3 Bh5 14. g4 Bg6 15. Ne5 Nxc3 16. bxc3 Bd6 17. Re1 Qh4 18. Kg2 Bxe5 19. Rxe5 f5 20. f4 Bf7 21. Qe1 Bd5+ 22. Kh2 Qxe1 23. Rxe1 fxg4 24. hxg4 Rfe8 25. Re5 Rab8 26. Ba3 Kf7 27. Bb4 Rxe5 28. dxe5 a5 29. Bxa5 Rb2+ 30. Kg3 Rxa2 31. Rxa2 Bxa2 32. Bxc7 g6 33. f5 Bb1 34. Kf4 Bc2 35. e6+ Ke7 36. Ke5 gxf5 37. gxf5 1-0